|
|
|
|
| LEADER |
00982nam a2200229 a 4500 |
| 001 |
GR-MES1461 |
| 008 |
991111s1993 gr 000 0 gre d |
| 020 |
|
|
|a 9603060399
|
| 040 |
|
|
|a GrPaTEI
|b gre
|c GR-PaULI
|
| 245 |
0 |
0 |
|a Επιτυχημένο marketing :
|b σε μια εβδομάδα.
|
| 260 |
|
|
|a Αθήνα :
|b Anubis,
|c 1993
|
| 300 |
|
|
|a 83σελ. :
|b εικ.
|
| 650 |
|
4 |
|a Μάνατζμεντ
|
| 650 |
|
4 |
|a Μάρκετινγκ
|
| 700 |
1 |
|
|a Davies, E.
|
| 700 |
1 |
|
|a Davis, B.
|
| 710 |
0 |
|
|a Anubis
|
| 942 |
|
|
|2 ddc
|
| 952 |
|
|
|0 0
|1 0
|2 ddc
|4 0
|6 658_800000000000000_DAV
|7 0
|9 265663
|a MSLG
|b MSLG
|c BSC
|d 2021-01-17
|e 24
|f 0
|g 0.00
|l 0
|o 658.8 DAV
|p 2420000006522
|r 2021-01-17 00:00:00
|t 1
|w 2021-01-17
|y BK15
|x 19991111 0 1
|x GrPaTEI
|
| 952 |
|
|
|0 0
|1 0
|2 ddc
|4 0
|6 658_800000000000000_DAV
|7 0
|9 265664
|a MSLG
|b MSLG
|c BSC
|d 2021-01-17
|e 24
|f 0
|g 0.00
|l 0
|o 658.8 DAV
|p 2420000017272
|r 2021-01-17 00:00:00
|t 1
|w 2021-01-17
|y BK15
|x 20000529 0 1
|x GrPaTEI
|
| 971 |
|
|
|a .b2572504x
|b 16-04-20
|c 13-09-16
|
| 999 |
|
|
|c 152709
|d 152709
|